|
|
|
|
| LEADER |
00000nas a2200000 a 4500 |
| 001 |
ssj0001881 |
| 003 |
WaSeSS |
| 005 |
20200512172242.0 |
| 006 |
m d |
| 007 |
cr n |
| 008 |
000404c19649999gw mr pss 0 0eng c |
| 010 |
|
|
|a 2004233396
|
| 016 |
7 |
|
|a 2007304-5
|2 DE-600
|
| 022 |
|
|
|a 1438-261X
|l 0343-754X
|y 0343-754X
|
| 035 |
|
|
|a (WaSeSS)ssj0001881
|
| 040 |
|
|
|a OH1
|b eng
|c OH1
|d OCLCQ
|d TJC
|d OCLCQ
|d GUA
|d OCLCQ
|d OCL
|d OCLCQ
|d OCLCF
|d OCLCO
|d OCLCQ
|d WT2
|d ZAC
|d OCLCQ
|d AU@
|d VT2
|d SFB
|d OCLCQ
|d WaSeSS
|
| 042 |
|
|
|a pcc
|
| 043 |
|
|
|a e-gw---
|a e-ge---
|
| 050 |
1 |
4 |
|a HC10
|
| 130 |
0 |
|
|a Economic bulletin (Berlin, Germany : Online)
|
| 245 |
1 |
0 |
|a Economic bulletin
|h [electronic resource].
|
| 260 |
|
|
|a [Berlin] :
|b Springer-Verlag Heidelberg
|
| 310 |
|
|
|a Monthly
|
| 362 |
1 |
|
|a Print began with new ser. v. 1, no. 1 (Jan. 1964).
|
| 506 |
|
|
|a License restrictions may limit access.
|
| 538 |
|
|
|a Mode of access: World Wide Web.
|
| 550 |
|
|
|a Deutsches Institut für Wirtschaftsforschung.
|
| 588 |
0 |
|
|a Vol. 37, no. 1 (Jan. 2000); title from contents screen (Springer LINK, viewed Mar. 11, 2004).
|
| 588 |
1 |
|
|a Vol. 41, no. 2 (Feb. 2004), viewed Mar. 11, 2004.
|
| 650 |
|
0 |
|a Economic history
|v Periodicals.
|
| 650 |
|
7 |
|a Economic history.
|2 fast
|0 (OCoLC)fst00901974
|
| 651 |
|
0 |
|a Germany (West)
|x Economic conditions
|v Periodicals.
|
| 651 |
|
0 |
|a Germany (East)
|x Economic conditions
|v Periodicals.
|
| 651 |
|
7 |
|a Germany (East)
|2 fast
|0 (OCoLC)fst01210274
|
| 651 |
|
7 |
|a Germany (West)
|2 fast
|0 (OCoLC)fst01210273
|
| 655 |
|
0 |
|a Electronic journals.
|
| 710 |
2 |
|
|a Deutsches Institut für Wirtschaftsforschung.
|
| 776 |
0 |
8 |
|i Print version:
|t Economic bulletin (Berlin, Germany)
|x 0343-754X
|w (DLC)sf 85008037
|w (OCoLC)3008805
|
| 856 |
4 |
0 |
|z Full text available from Research Library: 03/01/2001 to 12/31/2004
|u https://search.proquest.com/publication/43994
|